Globalizacin̤ tributaria Casos sobre la aplicacin̤ de los tratados para evitar doble tributacin̤ /

Detalles Bibliográficos
Autor principal: Ledesma Villar, Luis Carlos
Formato: eBook
Lenguaje:español
Publicado: Ciudad de Mx̌ico: Instituto Mexicano de Contadores Pb︢licos, 2020
Materias:
Acceso en línea:Acceso restringido

MARC

LEADER 00000nam a22000007a 4500
005 20201028222321.0
007 cr|||| ||||
008 201028s2020 mx |||||s|||| 00||0 spa d
020 |a 978-607-563-075-5 
035 |a 32196 
040 |a vLex 
090 |c 10800  |d 10800 
100 1 |a Ledesma Villar, Luis Carlos 
245 1 0 |a Globalizacin̤ tributaria  |h [Recurso electrn̤ico] :  |b Casos sobre la aplicacin̤ de los tratados para evitar doble tributacin̤ /  |c Luis Carlos Ledesma Villar 
256 |a Servicio en ln̕ea 
260 |a Ciudad de Mx̌ico:  |b Instituto Mexicano de Contadores Pb︢licos,  |c 2020 
300 |a 1 recurso electrn̤ico 
506 1 |a Disponible solo en los productos indicados  |d vLex Global  |d vLex Global (Academic Edition, excluding Law Schools)  |d vLex Global (U.S. Academic Edition, Law Schools)  |d vLex Global (U.S. Academic Edition, excluding Law Schools)  |d vLex Global (Academic Edition, Law Schools) 
650 0 4 |a Derecho Fiscal  |z Mx̌ico 
740 0 |a vLex Libros (Servicio en ln̕ea) 
856 4 0 |u http://vlex.com/source/globalizacion-tributaria-casos-sobre-la-aplicacion-de-los-tratados-para-evitar-doble-tributacion-32196  |z Acceso restringido 
942 |c BOOK 
999 0 |a Tax Law